Statistiques concernant La question cachée #2

Cliquez ici pour prendre le quiz!

Statistiques générales

  • Ce quiz a été pris 104 fois
  • Le résultat moyen est 38 sur 52

Statistiques - réponses

HintRéponse% Correct
LL
98%
e
97%
e
97%
e
97%
s
93%
t
91%
DDe
85%
DDe
85%
QQu
85%
LLa
83%
LLe
83%
DDa
82%
EÉl
77%
el
77%
EÉl
77%
él
77%
ns
77%
ca
76%
CCa
76%
SSe
76%
en
74%
èn
74%
EEn
74%
en
74%
EEt
74%
P
73%
MMe
72%
on
72%
on
72%
ou
72%
tr
70%
TTr
70%
CCl
68%
ti
68%
ve
68%
ém
67%
ém
67%
as
66%
ri
65%
si
65%
ts
65%
fi
64%
OOx
63%
rb
61%
yg
61%
od
60%
iq
59%
ue
59%
ev
53%
ei
52%
nd
50%
RéponseAzote
42%

Distribution des résultats

Percentile par nombre de réponses

% des personnes avec chaque résultat

Votre développement - résultats

Vous n’avez pas pris ce quiz